| 000 | 00519nam a22001817a 4500 | ||
|---|---|---|---|
| 999 |
_c16821 _d16821 |
||
| 003 | OSt | ||
| 005 | 20180419162656.0 | ||
| 008 | 180419b xxu||||| |||| 00| 0 eng d | ||
| 020 | _a9781412944571 | ||
| 040 | _cKABU | ||
| 050 |
_aP 91.3 _b.T74 2011 C.1 |
||
| 100 | _aTreadwell, Donald. | ||
| 245 |
_aIntroducing communication research: _bpaths of inquiry/ _cDonald Treadwell. |
||
| 260 |
_aLos Angeles: _bSage; _c2011. |
||
| 300 | _axviii, 226p. | ||
| 650 |
_aCommunication _vResearch _vMethodology |
||
| 942 |
_2lcc _cBK |
||